000
00251nam a22001217a 4500
008
180914b xxu||||| |||| 00| 0 eng d
041
_a
eng
080
_a
911
100
_a
42
101
_a
GJEO
245
_a
MT & SEA
_c
Morrone, J.J
942
_2
udc
_c
BK
999
_c
47796
_d
47796